[Event "45th Olympiad 2024"]
[Site "Budapest HUN"]
[Date "2024.09.15"]
[Round "5.20"]
[Board "3"]
[White "Livaic, Leon"]
[Black "Burovic, Rijad"]
[Result "1-0"]
[WhiteElo "2550"]
[BlackElo "2426"]
[PlyCount "137"]
[EventDate "2024.09.11"]
[WhiteTeam "Croatia"]
[BlackTeam "Bosnia & Herzegovina"]
[WhiteTeamCountry "CRO"]
[BlackTeamCountry "BIH"]

1. d4 Nf6 2. c4 g6 3. Nc3 Bg7 4. e4 d6 5. h3 O-O 6. Be3 e5 7. d5 Na6 8. g4 Nc5 9. f3 a5 10. Qd2 c6 11. Nge2 a4 12. Nc1 cxd5 13. cxd5 Bd7 ({RR} 13... Qa5 14. Nb5 Rd8 15. Qxa5 Rxa5 16. Na3 Ne8 17. Nd3 Bd7 18. Nc4 Rb5 19. O-O-O Rc8 20. Nxc5 dxc5 21. g5 Rb4 22. Bd2 Rxc4+ 23. Bxc4 Nd6 24. Bf1 Bf8 25. h4 c4 26. Bc3 Bg7 27. Bh3 Bxh3 28. Rxh3 {1-0 Lopez Martinez,J (2453)-Gonzalez Guedes,I (2239) TCh-ESP Rapid 2024 (6.9)}) 14. Nd3 Nxd3+ 15. Bxd3 Qa5 16. Ne2 $146 ({RR} 16. a3 Rfc8 17. Na2 Ne8 18. Qxa5 Rxa5 19. Ke2 Bf6 20. Rac1 Raa8 21. Rxc8 Rxc8 22. Rc1 Rxc1 23. Bxc1 Nc7 24. Nc3 h6 25. Bxh6 g5 26. h4 gxh4 27. Kf2 Be7 28. Be3 Kf8 29. Kg2 Ke8 30. Kh3 Bf6 {1-0 Krejci,J (2514)-Stalmach,R (2434) TCh-CZE 1 Liga Vychod 2022 (7.4)}) ({RR} 16. a3 Rfc8 17. O-O-O b5 18. Kb1 b4 19. Na2 bxa3 20. Qxa5 Rxa5 21. bxa3 Bb5 22. Rh2 Rb8 23. Rb2 Nxd5 24. Bc1 Bxd3+ 25. Rxd3 Rxb2+ 26. Bxb2 Nf4 27. Rxd6 h5 28. h4 Ng2 29. gxh5 gxh5 30. Rd8+ Kh7 {0-1 Ouellet,M (2243)-Xu,D (2276) CAN Transnational Classic 2023 (7.24)}) 16... Rfc8 17. Qxa5 Rxa5 18. Kd2 Ne8 19. Rhc1 Rxc1 20. Rxc1 Bf6 21. Bb6 Ra8 22. Rc2 h5 23. Nc3 hxg4 24. hxg4 Bg5+ 25. Be3 Bxe3+ 26. Kxe3 Ra5 27. Nb1 Kf8 28. Kd2 b5 29. g5 Ra7 30. Nc3 Nc7 31. Ke3 Rb7 32. Ne2 Na6 33. Rc1 Nc5 34. f4 exf4+ 35. Nxf4 Ke7 36. Rh1 Be8 37. Kd4 Nd7 38. Be2 Ne5 39. Nd3 Nxd3 40. Bxd3 b4 41. e5 Bb5 42. Bxb5 Rxb5 43. Rc1 Kd7 44. exd6 Kxd6 45. Rc6+ Kd7 46. Ra6 a3 47. b3 Rb8 48. Kc5 Rc8+ 49. Kxb4 Rc2 50. Rxa3 Kd6 51. Ra7 Rf2 52. a4 Kxd5 53. Rc7 Kd6 54. Rc1 f6 55. gxf6 Rxf6 56. a5 Rf8 57. Rg1 Rf6 58. Ka4 Kc6 59. b4 Kb7 60. Rg4 Re6 61. Rf4 Re7 62. Rf6 Rg7 63. a6+ Ka8 64. Ka5 Rg8 65. b5 g5 66. b6 g4 67. a7 Kb7 68. Rf7+ Kc6 69. b7 1-0

[Event "45th Olympiad 2024"]
[Site "Budapest HUN"]
[Date "2024.09.15"]
[Round "5.20"]
[Board "4"]
[White "Culum, Sanjin"]
[Black "Stevic, Hrvoje"]
[Result "1/2-1/2"]
[WhiteElo "2409"]
[BlackElo "2531"]
[PlyCount "81"]
[EventDate "2024.09.11"]
[WhiteTeam "Bosnia & Herzegovina"]
[BlackTeam "Croatia"]
[WhiteTeamCountry "BIH"]
[BlackTeamCountry "CRO"]

1. e4 c5 2. Nf3 e6 3. d4 cxd4 4. Nxd4 Nc6 5. Nc3 a6 6. Be2 Qc7 7. Nxc6 bxc6 8. Qd3 d5 9. Qg3 Qxg3 10. hxg3 Nf6 11. g4 ({RR} 11. f3 a5 12. g4 Ba6 13. g5 Nd7 14. Bxa6 Rxa6 15. Ke2 a4 16. Bd2 h5 17. gxh6 gxh6 18. b3 Bg7 19. Rac1 axb3 20. axb3 Rg8 21. g4 Bxc3 22. Bxc3 dxe4 23. Rxh6 exf3+ 24. Kxf3 Ra2 25. Rh5 Ke7 {½-½ Grischuk,A (2778)-Nepomniachtchi,I (2792) Zagreb GCT Blitz 2021 (7)}) 11... Bb7 12. exd5 $146 ({RR} 12. g5 Nxe4 13. Nxe4 dxe4 14. Be3 Rd8 15. Bc4 c5 16. g6 fxg6 17. Bxe6 Bd5 18. Bg4 Rb8 19. b3 Kf7 20. O-O-O Be6 21. Bxe6+ Kxe6 22. Rh4 Kf5 23. Rd5+ Ke6 24. c4 h5 25. Rxe4+ Kf7 26. Rd7+ Kg8 {1-0 Peyrer,K (2431)-Trippold,D (2120) 100 Jahre 1. SK Ottakring 2023 (2.8)}) ({RR} 12. g5 Nxe4 13. Nxe4 dxe4 14. Rh4 c5 15. Be3 Rd8 16. Bc4 Be7 17. Ke2 Bd5 18. Bxa6 Rb8 19. b3 f5 20. c4 Bc6 21. Rah1 Ra8 22. Bb5 Rxa2+ 23. Kd1 Bxb5 24. cxb5 Kf7 25. Rxh7 Ra1+ {0-1 Poupalos,N (2274)-Kourkoulos Arditis,S (2547) Piraeus GM Jan 2024 (6.2)}) ({RR} 12. g5 Nxe4 13. Nxe4 dxe4 14. Bf4 Be7 15. O-O-O c5 16. Rh5 Rd8 17. Rdh1 Rd5 18. c4 Rf5 19. g3 g6 20. Rxh7 Rxh7 21. Rxh7 Bxg5 22. Bxg5 Rxg5 23. Kd2 Rf5 24. Ke3 a5 25. b3 Ke7 26. Rh8 Kd7 {0-1 Drygalov,A (2484)-Lazavik,D (2544) Titled Tue 18th Apr Late 2023 (7)}) 12... cxd5 13. g5 Nd7 14. Be3 Bc5 15. Bxc5 Nxc5 16. O-O-O O-O 17. Rd4 f6 18. gxf6 gxf6 19. Bf3 Rac8 20. Re1 Rc7 21. Bg4 f5 22. Bh3 Rf6 23. f3 Rh6 24. Na4 Nd7 25. f4 Kf7 26. Rb4 Rh4 27. Nc3 Nf6 28. Kd2 Bc8 29. Ra4 Rc6 30. Rd4 Rb6 31. b4 Ne8 32. Na4 Rc6 33. Nc5 Nd6 34. a4 Kf6 35. c3 Rc7 36. Rf1 Rg7 37. Rb1 Rc7 38. Rf1 Rg7 39. Rb1 Rc7 40. Re1 Rg7 41. Rb1 1/2-1/2

[Event "45th Olympiad 2024"]
[Site "Budapest HUN"]
[Date "2024.09.15"]
[Round "5.21"]
[Board "3"]
[White "Moroni, Luca Jr"]
[Black "Cubas, Jose Fernando"]
[Result "1-0"]
[WhiteElo "2558"]
[BlackElo "2417"]
[PlyCount "73"]
[EventDate "2024.09.11"]
[WhiteTeam "Italy"]
[BlackTeam "Paraguay"]
[WhiteTeamCountry "ITA"]
[BlackTeamCountry "PAR"]

1. d4 d5 2. c4 c6 3. Nc3 Nf6 4. e3 e6 5. Nf3 Nbd7 6. Be2 Bd6 7. O-O O-O 8. b3 Qe7 9. Bb2 Re8 ({RR} 9... Ba3 10. Bxa3 Qxa3 11. Bd3 Qd6 12. e4 dxe4 13. Nxe4 Nxe4 14. Bxe4 Nf6 15. c5 Qf4 16. Bd3 Rd8 17. Qe2 Nd5 18. g3 Qf6 19. Rac1 a5 20. a3 Bd7 21. Ne5 Be8 22. Rfd1 Nc7 23. a4 Nd5 24. Be4 {1-0 Esipenko,A (2723)-Murzin,V (2532) Titled Tuesday intern op 12th Apr Early blitz 2022 (10)}) ({RR} 9... Ne4 10. Nxe4 dxe4 11. Ne5 f6 12. Nxd7 Bxd7 13. Qc2 f5 14. Rad1 Qh4 15. g3 Qh6 16. a4 a5 17. d5 cxd5 18. cxd5 e5 19. Bb5 Rac8 20. Qe2 Rf7 21. Rc1 Rcf8 22. Bxd7 Rxd7 23. Qb5 Rdf7 24. Rc4 {0-1 Koksal,E (2316)-Turgut,T (2207) Titled Tue 13th Aug Late 2024 (3)}) 10. Re1 dxc4 11. bxc4 e5 12. c5 $146 ({RR} 12. Bf1 e4 13. Nd2 Nf8 14. f3 Qc7 15. f4 b6 16. a4 g5 17. g3 h6 18. Bg2 Bf5 19. Ba3 Bxa3 20. Rxa3 gxf4 21. gxf4 Ng6 22. Nf1 Nh4 23. Ng3 Qd7 24. Nxf5 Qxf5 25. Ne2 Kh8 26. Ng3 Qe6 {0-1 Jusupov,T (2092)-Benza,A (2335) Nezhmetdinov Memorial 30th 2008 (6)}) ({RR} 12. h3 b6 13. Qb3 e4 14. Nd2 Nf8 15. a4 Bb4 16. Ba3 a5 17. Reb1 c5 18. Bxb4 axb4 19. Nb5 Ng6 20. Bf1 Rd8 21. d5 Nh4 22. Qd1 Qe5 23. g3 Nf5 24. Bg2 Nd6 25. Nxd6 Rxd6 26. Ra2 Bd7 {1-0 Postlmayer,J (2365)-Mikhailovsky,V (2215) Titled Tue 12th Dec Early 2023 (2)}) 12... Bc7 13. Bc4 b5 14. Bb3 b4 15. Na4 e4 16. Nd2 Nf8 17. f3 Be6 18. Bc2 Bd5 19. a3 a5 20. fxe4 Nxe4 21. Nxe4 Bxe4 22. Bxe4 Qxe4 23. Qf3 Rab8 24. axb4 axb4 25. Qxe4 Rxe4 26. Bc1 Nd7 27. Nb2 Nf6 28. Nc4 Nd5 29. Ra6 f5 30. Rxc6 b3 31. g3 Re7 32. Bd2 Ra8 33. Rb1 Ra4 34. Nb6 Bxb6 35. cxb6 Ra2 36. Rxb3 Nxb6 37. Bb4 1-0

[Event "45th Olympiad 2024"]
[Site "Budapest HUN"]
[Date "2024.09.15"]
[Round "5.21"]
[Board "4"]
[White "Almiron, Antonio"]
[Black "Brunello, Sabino"]
[Result "0-1"]
[WhiteElo "2312"]
[BlackElo "2511"]
[PlyCount "132"]
[EventDate "2024.09.11"]
[WhiteTeam "Paraguay"]
[BlackTeam "Italy"]
[WhiteTeamCountry "PAR"]
[BlackTeamCountry "ITA"]

1. e4 c6 2. d4 d5 3. e5 Bf5 4. Nf3 e6 5. Be2 Ne7 6. c3 Nd7 7. O-O Ng6 8. Ne1 ({RR} 8. a4 f6 9. Re1 fxe5 10. Nxe5 Ngxe5 11. dxe5 a6 12. Nd2 Bc5 13. Nb3 Ba7 14. Bh5+ g6 15. Bf3 O-O 16. Nd4 c5 17. Nxf5 gxf5 18. c4 d4 19. Bxb7 Rb8 20. Bxa6 Qc7 21. Ra3 Rf7 22. Bb5 Rg7 {1-0 Goryachkina,A (2545)-Asensio Ramos,E (2215) Titled Tue 9th Jul Early 2024 (7)}) 8... f6 9. f4 fxe5 10. fxe5 c5 $146 ({RR} 10... Qb6 11. Qb3 Ne7 12. Be3 Bg6 13. Bf2 Nf5 14. g4 Nh6 15. Nd2 Be7 16. Be3 Bf7 17. Ng2 O-O 18. h3 Be8 19. Nf3 Nf7 20. Qc2 Nh8 21. Nf4 Bg6 22. Qd2 c5 23. c4 Be4 24. cxd5 exd5 25. dxc5 {1-0 Baklan,V (2647)-Pantsulaia,L (2617) EU-ch 9th Plovdiv 2008 (9)}) ({RR} 10... Be7 11. Nd2 O-O 12. g4 Be4 13. Nxe4 dxe4 14. Qc2 Rxf1+ 15. Bxf1 Bg5 16. Qxe4 Bxc1 17. Rxc1 Qg5 18. Rc2 Rf8 19. Ng2 Nf4 20. Ne3 h5 21. Rf2 hxg4 22. Kh1 g3 23. hxg3 Qxg3 24. Qf3 Qh4+ 25. Rh2 {1-0 Ozen,B (2369)-Novik,M (2434) Titled Tuesday intern op 01st June blitz 2021 (9)}) 11. Be3 Be7 12. Bd3 cxd4 13. cxd4 Nh4 14. Nc3 O-O 15. g3 Bxd3 16. Rxf8+ Nxf8 17. Qxd3 Nf5 18. Bf2 Rc8 19. Rc1 Qd7 20. Rc2 Bb4 21. Qb5 Bxc3 22. Qxd7 Nxd7 23. Rxc3 Rxc3 24. bxc3 Nb6 25. Nc2 Kf7 26. Kf1 Nc4 27. Ke2 Ne7 28. Ne3 Nxe3 29. Bxe3 Nc8 30. g4 Nb6 31. Kd3 Ke8 32. Kc2 Kd7 33. Kb3 Kc6 34. Bg5 Nc4 35. Kb4 Nb2 36. Be3 Kb6 37. Kb3 Nc4 38. Bg5 Kb5 39. a4+ Kc6 40. h3 b5 41. Bd8 bxa4+ 42. Kxa4 Nd2 43. Kb4 Ne4 44. Bh4 g6 45. Be1 Ng5 46. Bd2 Nxh3 47. Be3 g5 48. Ka5 Kb7 49. Kb5 Nf4 50. Kc5 Kc7 51. Kb5 h6 52. Ka6 Kb8 53. Kb5 Kb7 54. Kc5 Kc7 55. Kb5 Ne2 56. Bd2 Nf4 57. Ka6 Kb8 58. Bc1 Nd3 59. Be3 Nb2 60. Kb5 Kb7 61. Kc5 Kc7 62. Bd2 Nc4 63. Bc1 a6 64. Kb4 Kb6 65. Ka4 a5 66. Kb3 Kb5 0-1

[Event "45th Olympiad 2024"]
[Site "Budapest HUN"]
[Date "2024.09.15"]
[Round "5.22"]
[Board "1"]
[White "Pultinevicius, Paulius"]
[Black "Henderson de La Fuente, Lance"]
[Result "1-0"]
[WhiteElo "2587"]
[BlackElo "2519"]
[PlyCount "99"]
[EventDate "2024.09.11"]
[WhiteTeam "Lithuania"]
[BlackTeam "Andorra"]
[WhiteTeamCountry "LTU"]
[BlackTeamCountry "AND"]

1. d4 {Krasenkow,Michal} d5 2. c4 e6 3. Nc3 c6 4. e4 dxe4 5. Nxe4 Bb4+ 6. Bd2 Qxd4 7. Bxb4 Qxe4+ 8. Ne2 Na6 ({RR} 8... Nd7) 9. Bf8 Ne7 10. Bxg7 Nb4 11. Qd6 ({RR} 11. Bxh8 e5) 11... Nd3+ 12. Kd2 Nf5 13. Qxd3 Qxd3+ 14. Kxd3 Nxg7 15. Kc3 ({RR} 15. Ng3 c5 ({RR} 15... b6 16. c5 Ke7 17. Kc3 Rd8 18. f4 bxc5 19. Re1 Ne8 20. Ne4 Nf6 21. Nxf6 Kxf6 22. Bd3 h6 23. Re5 Rd5 24. Rhe1 Bb7 25. Bc4) 16. Be2 b6 17. Bf3 Rb8 18. Kc3 ({RR} 18. Rad1 Bb7 19. Bxb7 Rxb7 20. Ke4 h5 21. h4 Rh6 22. f4 Rg6 23. Kf3 Rd7) 18... Bb7 19. Bxb7 Rxb7 20. Rad1 Ke7 21. Rhe1 Rbb8 22. a3 Rhd8 23. Rxd8 Rxd8 24. b4 Rc8 25. Ne4 cxb4+ 26. axb4 Ne8 27. f4 Nc7 28. Kb3 Rd8) 15... h5 $146 ({RR} 15... c5 16. g3 b6 ({RR} 16... b6 17. Bg2 Rb8 18. Rhd1 Bb7 19. Bxb7 Rxb7 20. Rd3 Rd7 21. Rad1 Rxd3+ 22. Rxd3 Ke7 23. Kc2 Rb8 24. Ra3 Rb7 25. g4 h5 26. gxh5 Nxh5 27. Nc3 Nf6 28. h3 Nd7 29. Nb5 a5) 17. Bg2 Rb8 18. Rhd1 Bb7 19. Bxb7 Rxb7 20. Rd3 Rd7 21. Rad1 Rxd3+ 22. Rxd3 Ke7 23. Kc2 Rb8 24. Ra3 Rb7 25. g4 h5 26. gxh5 Nxh5 27. Nc3 Nf6 28. h3 Nd7 29. Nb5 a5 30. Rg3 {½-½ Vaisser,A (2580)-Flear,G (2495) San Sebastian op rapid 1992}) ({RR} 15... b6 16. g4 ({RR} 16. g3 Bb7 17. Bg2 O-O-O 18. Rhd1 c5 19. Bxb7+ Kxb7 20. Ng1 Nf5 21. Nf3 f6 22. Rd2 e5 23. Re1 Nd4 24. Nxd4 Rxd4 25. Rxd4 cxd4+ 26. Kd3 Kc6 27. f4 Kd6 28. fxe5+ fxe5 29. Rf1 Ke6) ({RR} 16. c5 Nh5) 16... Bb7 17. Bg2 O-O-O 18. Rad1 h5 19. g5 c5 20. Bxb7+ Kxb7 21. Nf4 Nf5 22. Rxd8 Rxd8 23. Nxh5 Rg8 24. h4 ({RR} 24. f4 Rh8 25. Nf6 ({RR} 25. Ng3) 25... Rh3+) ({RR} 24. Rg1 Rh8 25. Ng3 Rxh2 26. Nxf5 exf5 27. Re1 Rxf2 28. Re7+ Kc6 29. Rxf7 Rf3+ 30. Kd2 Rg3 31. Rxf5 Kd6 32. Rd5+ Ke6 33. Kc2 Rg2+ 34. Kb3 Rg3+ 35. Ka4 Rg2 36. Ka3 Rg3+ 37. Ka4 Rg2 38. Ka3 Rg3+) 24... Rh8 25. Ng3 Rxh4 26. Rxh4 Nxh4 27. Ne4 Kc6 28. Kd3 Ng6 29. Ke3 Ne5 30. b3 {½-½ Wojtaszek,R (2733)-Giri,A (2750) Biel Suri Memorial 2014 (8)}) ({RR} 15... e5 16. Re1 O-O 17. f4 Re8 ({RR} 17... e4 18. Nd4 f5) 18. Ng3 exf4 19. Rxe8+ Nxe8 20. Nh5 Bf5 21. Be2 Nd6 22. Bf3 Bg6 23. Nxf4 Ne4+ 24. Bxe4 Bxe4 25. Rd1) ({RR} 15... Bd7 16. c5 ({RR} 16. Ng3 O-O-O 17. Ne4) 16... e5 17. Ng3 Ne6 18. Ne4 Ke7 19. Bc4 f5 20. Bxe6 Bxe6 21. Nd6 b6) ({RR} 15... Ke7 16. Re1 ({RR} 16. Ng3 c5 17. Bd3 b6 18. Be4 Rb8 19. Rhe1 Bb7 20. Rad1 Bxe4 21. Rxe4 f5 22. Ree1 Rbd8 23. b4 Rxd1 24. Rxd1 Rc8 25. b5 Ne8 26. Nh5 Rd8) 16... Bd7 17. g3 Rad8 18. Bg2 f6 19. f4 h5 20. Nc1 Be8 21. b4 Bg6) ({RR} 15... c5 16. g3 Bd7 17. Bg2 O-O-O 18. Rad1 ({RR} 18. Rab1 e5 19. Rhe1) 18... Kc7 19. Nf4 Bc6 20. Bxc6 Kxc6 21. Nd3 f6 22. Rhe1 Rd6 23. Nf4 Rhd8 24. Rxd6+ Rxd6 25. a3 a6 26. b4 b5 27. Nd3 cxb4+ 28. axb4 bxc4 29. Kxc4 Ne8 30. Nc5) ({RR} 15... Ke7 16. Re1 b6 17. g4 Bb7 18. Bg2 Rab8 19. Nf4 c5 20. Bxb7 Rxb7 21. h4 Rd7 22. f3 Rd4 23. Nd3 Rhd8 24. Re3 Ne8 25. h5 Nd6 26. b3 b5 27. Rhe1 bxc4 28. Nxc5 Nb5+ 29. Kb4 Rb8 30. Ka5 {0-1 Nechaeva,M (2399)-Girya,O (2094) Pushchino (Women) op 2012 (8)}) 16. h4 Bd7 17. Ng3 c5 18. Ne4 b6 19. Nf6+ Ke7 20. Nxd7 Kxd7 21. Bd3 Ke7 22. a3 Nf5 23. Bxf5 exf5 24. g3 Rad8 25. b4 f4 26. Rhe1+ Kf6 27. Re4 fxg3 28. Rf4+ Kg6 29. Rg1 f6 30. bxc5 bxc5 31. Rxg3+ Kf7 32. Rf5 Rd4 33. Rh3 Re8 34. Rxh5 Rf4 35. Rxc5 Rxf2 36. Rc7+ Kg6 37. Rxa7 Re1 38. Ra5 Rc1+ 39. Kb4 Rf4 40. Rc5 Rf2 41. h5+ Kh6 42. Rg3 Rb1+ 43. Ka5 Rb7 44. Rb5 Rf7 45. Rc3 f5 46. c5 Re2 47. c6 Ree7 48. Kb6 Re6 49. Rcc5 Ref6 50. Rxf5 1-0

[Event "45th Olympiad 2024"]
[Site "Budapest HUN"]
[Date "2024.09.15"]
[Round "5.22"]
[Board "2"]
[White "Fluvia Poyatos, Jordi"]
[Black "Kazakouski, Valery"]
[Result "1/2-1/2"]
[WhiteElo "2438"]
[BlackElo "2577"]
[PlyCount "86"]
[EventDate "2024.09.11"]
[WhiteTeam "Andorra"]
[BlackTeam "Lithuania"]
[WhiteTeamCountry "AND"]
[BlackTeamCountry "LTU"]

1. e4 c6 2. d4 d5 3. e5 Bf5 4. Nf3 e6 5. Be2 Nd7 6. O-O a5 7. Nc3 ({RR} 7. c3 a4 8. Nbd2 h6 9. Ne1 h5 10. Ndf3 Be7 11. Bd3 Nh6 12. Bxh6 Rxh6 13. Bxf5 exf5 14. Qc2 f4 15. Qf5 g5 16. h4 gxh4 17. Nd3 Nf8 18. Nxf4 Qd7 19. e6 fxe6 20. Qh3 Bd6 21. Nd3 O-O-O {0-1 Giri,A (2768)-Deac,B (2700) Superbet Blitz 2023 (5.2)}) 7... Bg6 8. Bd2 $146 ({RR} 8. Rb1 Ne7 9. Bf4 Nf5 10. Bd3 Be7 11. h3 O-O 12. Ne2 c5 13. c3 b5 14. g4 Nh4 15. Nxh4 Bxh4 16. Bxg6 hxg6 17. Be3 b4 18. f4 Be7 19. f5 exf5 20. gxf5 gxf5 21. Ng3 Ra6 22. Nxf5 Rg6+ {1-0 Nasuta,G (2563)-Fedoseev,V (2690) Titled Tue 23rd Jan Late 2024 (2)}) ({RR} 8. Bg5 Be7 9. Bf4 h5 10. Ne1 h4 11. Bg4 Nf8 12. Nd3 Bf5 13. h3 g5 14. Be3 Nh6 15. f3 Bg6 16. a4 Nf5 17. Bf2 Nd7 18. Ne2 b6 19. f4 Nh6 20. Bf3 Be4 21. Nc3 Bxf3 22. Qxf3 Nf5 {½-½ Park,E (2352)-Piorun,K (2603) 25th Sants Open 2024 (9.7)}) 8... Ne7 9. Bd3 Bxd3 10. cxd3 Nf5 11. Rc1 h5 12. Qb3 Qb6 13. Qxb6 Nxb6 14. Nd1 Be7 15. Ne3 Nh6 16. h4 Nd7 17. g3 a4 18. Rc2 f6 19. Ng2 Kf7 20. Re1 Nf5 21. Ne3 Nxe3 22. Bxe3 fxe5 23. Nxe5+ Nxe5 24. dxe5 Ra5 25. f4 c5 26. Kf2 b6 27. Kf3 Rc8 28. Rec1 Ke8 29. g4 hxg4+ 30. Kxg4 g6 31. Rh1 Kd7 32. h5 gxh5+ 33. Rxh5 Rg8+ 34. Kf3 Raa8 35. Rh7 d4 36. Bf2 Rh8 37. Rxh8 Rxh8 38. Bg3 Kc6 39. Rh2 Rxh2 40. Bxh2 Bh4 41. Bg3 Bxg3 42. Kxg3 Kd7 43. b3 axb3 1/2-1/2

[Event "45th Olympiad 2024"]
[Site "Budapest HUN"]
[Date "2024.09.15"]
[Round "5.22"]
[Board "3"]
[White "Laurusas, Tomas"]
[Black "De La Riva Aguado, Oscar"]
[Result "1/2-1/2"]
[WhiteElo "2569"]
[BlackElo "2431"]
[PlyCount "51"]
[EventDate "2024.09.11"]
[WhiteTeam "Lithuania"]
[BlackTeam "Andorra"]
[WhiteTeamCountry "LTU"]
[BlackTeamCountry "AND"]

1. d4 Nf6 2. c4 g6 3. Nc3 Bg7 4. e4 d6 5. Nf3 O-O 6. Bd3 Bg4 7. Be2 Nfd7 ({RR} 7... e5 8. d5 a5 9. Be3 Na6 10. Nd2 Bxe2 11. Qxe2 Nd7 12. g4 Ndc5 13. O-O-O Qd7 14. h4 Na4 15. Ndb1 h6 16. Nxa4 Qxa4 17. Nc3 Qd7 18. h5 g5 19. Kd2 c5 20. Ke1 Rfb8 21. Kf1 a4 22. Rb1 {½-½ Carlsen,M (2859)-Nakamura,H (2768) chess.com SpeedChess 2022 (4.12)}) 8. Be3 Bxf3 9. Bxf3 Nc6 10. h4 $146 ({RR} 10. O-O e5 11. d5 Ne7 12. Qd2 f5 13. Bh6 f4 14. Bxg7 Kxg7 15. b4 Nf6 16. Be2 h5 17. c5 Rh8 18. a4 g5 19. a5 g4 20. a6 b6 21. cxd6 cxd6 22. Nb5 Qd7 23. Rac1 Rac8 24. Qd3 Kf7 {½-½ Mueller,R-Dueck,S (2112) Sachsen-ch U14 2002 (4)}) ({RR} 10. d5 Na5 11. Be2 Nb6 12. Bd4 Bxd4 13. Qxd4 c5 14. dxc6 e5 15. Qe3 bxc6 16. c5 dxc5 17. Qxc5 Nd7 18. Qa3 Nb7 19. Rd1 Qe8 20. Na4 Nb6 21. Nc5 Nxc5 22. Qxc5 Qe6 23. b3 Rfd8 24. O-O Qf6 {½-½ Krstulovic,A (2414)-Baidetskyi,V (2497) Mitropa Cup 2024 (6.1)}) ({RR} 10. d5 Na5 11. Be2 Nb6 12. Bd4 Bxd4 13. Qxd4 c5 14. dxc6 e5 15. Qd2 bxc6 16. b3 Nb7 17. h4 Qe7 18. h5 Nc5 19. Rd1 Rad8 20. b4 Ne6 21. b5 cxb5 22. cxb5 Nd4 23. a4 d5 24. hxg6 fxg6 {½-½ Pham Tran Gia Phuc (2384)-Chandra,A (2486) Qatar Masters Open 2023 (3.57)}) 10... e5 11. d5 Nd4 12. h5 c5 13. hxg6 fxg6 14. Bg4 Nf6 15. Bh3 Qe8 16. Qd3 a6 17. a4 Kh8 18. g3 b5 19. axb5 axb5 20. O-O Rxa1 21. Rxa1 bxc4 22. Qd1 Nh5 23. Bg4 Nf6 24. Bh3 Nh5 25. Bg4 Nf6 26. Bh3 1/2-1/2

[Event "45th Olympiad 2024"]
[Site "Budapest HUN"]
[Date "2024.09.15"]
[Round "5.23"]
[Board "1"]
[White "Dragnev, Valentin"]
[Black "Khusenkhojaev, Mustafokhuja"]
[Result "1-0"]
[WhiteElo "2556"]
[BlackElo "2283"]
[PlyCount "93"]
[EventDate "2024.09.11"]
[WhiteTeam "Austria"]
[BlackTeam "Tajikistan"]
[WhiteTeamCountry "AUT"]
[BlackTeamCountry "TJK"]

1. e4 e5 2. Nf3 Nc6 3. Bb5 a6 4. Ba4 Nf6 5. O-O Be7 6. Re1 b5 7. Bb3 d6 8. a4 Bd7 9. c3 O-O 10. d4 h6 11. Bc2 ({RR} 11. Nbd2 exd4 12. cxd4 Nb4 13. e5 Nfd5 14. Ne4 bxa4 15. Bxa4 Bxa4 16. Rxa4 Qd7 17. Ra5 Rab8 18. Bd2 Rb5 19. Bxb4 Nxb4 20. Rxb5 Qxb5 21. Nc3 Qc4 22. Qa4 dxe5 23. dxe5 Qc6 24. Qxc6 Nxc6 25. Nd5 Rd8 {1-0 Yu,Y (2763)-Vitiugov,N (2732) FIDE World Cup 2019 (5.5)}) ({RR} 11. Nh4 Na5 12. axb5 Nxb3 13. Qxb3 axb5 14. Rxa8 Qxa8 15. Ng6 Re8 16. dxe5 Nxe4 17. Nxe7+ Rxe7 18. exd6 Nc5 19. Qd1 Rxe1+ 20. Qxe1 Qa1 21. Bd2 cxd6 22. Na3 Qxb2 23. Qc1 Qa2 24. Nc2 Nb3 25. Qd1 Nxd2 {0-1 Ziatdinov,R (2100)-Khusenkhojaev,M (2379) 13th Tamil Nadu IM 2024 (7.1)}) 11... exd4 12. Nxd4 Rb8 $146 ({RR} 12... Ne5 13. f4 Ng6 14. e5 dxe5 15. fxe5 Nd5 16. e6 Be8 17. Nd2 Bc5 18. N2b3 Bb6 19. a5 Ba7 20. Kh1 Nde7 21. Be3 Qc8 22. Bg1 f5 23. Qf3 Nh4 24. Qh3 g5 25. Bf2 Neg6 26. Bxh4 Nxh4 27. Nxf5 {1-0 Divya,D (2389)-Makhija,A (2126) 20th Asian Continental w 2023 (2.10)}) 13. Nd2 Re8 14. Nf1 b4 15. a5 Bf8 16. Ng3 bxc3 17. bxc3 g6 18. Bf4 Ne5 19. Qc1 c5 20. Nf3 Kh7 21. h4 Nfg4 22. h5 Qf6 23. Bxe5 dxe5 24. Ba4 Bxa4 25. Rxa4 Rb7 26. hxg6+ fxg6 27. Nf1 h5 28. Ra2 Bh6 29. Qd1 Rd8 30. Qe2 Rbd7 31. Rb1 Rd3 32. Rab2 Rxc3 33. Rb7+ Bg7 34. Ra7 Qf4 35. Rbb7 Rg8 36. Rf7 Qc1 37. Qxa6 Rb3 38. Nh4 Qg5 39. Nf3 Qc1 40. N3d2 Rb2 41. Qd6 Kh6 42. Rxg7 Rxg7 43. Qf8 Rxd2 44. Qxg7+ Kg5 45. Ra6 Kf4 46. Qf7+ Kxe4 47. Qf3+ 1-0

[Event "45th Olympiad 2024"]
[Site "Budapest HUN"]
[Date "2024.09.15"]
[Round "5.24"]
[Board "2"]
[White "Paichadze, Luka"]
[Black "Cahaya, Satria Duta"]
[Result "1-0"]
[WhiteElo "2516"]
[BlackElo "2219"]
[PlyCount "101"]
[EventDate "2024.09.11"]
[WhiteTeam "Georgia"]
[BlackTeam "Indonesia"]
[WhiteTeamCountry "GEO"]
[BlackTeamCountry "INA"]

1. e4 c5 2. Nf3 Nc6 3. Bb5 g6 4. Bxc6 dxc6 5. d3 Bg7 6. h3 Nf6 7. Nc3 Nd7 8. Be3 e5 9. O-O Qe7 10. Qd2 Nf8 11. Bh6 ({RR} 11. Nh2 Ne6 12. f4 exf4 13. Bxf4 Nxf4 14. Qxf4 O-O 15. Ng4 Bxg4 16. Qxg4 Rad8 17. Rae1 c4 18. Qf3 Qb4 19. e5 cxd3 20. cxd3 Qxb2 21. Ne4 Qxe5 22. Kh1 Qd4 23. Rd1 f5 24. Ng5 Rfe8 25. Rfe1 Qf6 {1-0 Flynn,J (2184)-Vigoa Apecheche,Y (2232) Titled Tue 30th Apr Early 2024 (2)}) 11... f6 12. Bxg7 Qxg7 13. Ne2 g5 $146 ({RR} 13... Ne6 14. c3 O-O 15. Rad1 Rd8 16. Qe3 Qf7 17. Rd2 b6 18. Rfd1 Ba6 19. Ne1 Qc7 20. g3 Ng5 21. h4 Nf7 22. f4 Qd7 23. Kg2 Re8 24. Nf3 Rad8 25. b3 Nh6 26. Nh2 Bc8 27. Ng1 Ng4 28. Nxg4 {½-½ Londyn,R (2350)-Volodin,V (2245) Pardubice op-A 2005 (4)}) ({RR} 13... Ne6 14. a4 O-O 15. a5 Rd8 16. Qe3 Bd7 17. Nh2 g5 18. Qg3 Be8 19. Qg4 Bf7 20. Ng3 Nd4 21. Nf5 Nxf5 22. Qxf5 h5 23. Qf3 Qg6 24. Qe3 c4 25. Rfd1 cxd3 26. Rxd3 Rxd3 27. Qxd3 Be6 28. Qd6 {½-½ Sapi,J (2132)-Toth,D (2141) HUN-chT2 Erkel 0405 2004 (10)}) 14. Nh2 Ng6 15. b4 cxb4 16. d4 Qe7 17. dxe5 fxe5 18. Rfb1 a5 19. a3 bxa3 20. Qc3 O-O 21. Rxa3 a4 22. Ng3 Qd6 23. Rxa4 Rxa4 24. Qb3+ Kh8 25. Qxa4 Qc5 26. Rf1 Be6 27. Ng4 b5 28. Qa5 Qxc2 29. Qc7 Qc5 30. Nh5 Rf7 31. Qd8+ Qf8 32. Qxg5 Bxg4 33. hxg4 Qe7 34. Qe3 Qd7 35. Ra1 Rf8 36. Qh6 Qf7 37. f3 b4 38. Qe3 b3 39. Qb6 Qe6 40. Rb1 Qd6 41. Qb7 Rg8 42. Qxb3 Qd4+ 43. Kh2 c5 44. Qb6 Qd8 45. Qxc5 Qh4+ 46. Kg1 Qg5 47. Qd6 Rf8 48. Rb8 Kg8 49. Rxf8+ Nxf8 50. Nf6+ Kf7 51. Qxf8+ 1-0